000 00549nam a2200205Ia 4500
005 20250326144627.0
008 250326s9999 xx 000 0 und d
020 _a0-7623-0840-0
037 _aTextbook
040 _aFMSL
_beng
_cFMSL
041 _aeng
_2eng
084 _aX:9 P1
_qFMSL
100 _aFerris G R
245 0 _aResearch in personnel and human resources manaement
_cFerris G R
260 _aNY
_bNY, JAI
_c2001
300 _a412p
365 _b5627.9520000000002
942 _cTB
_hX:9 P1
999 _c1304374
_d1304374